[Event "Harrogate 4NCL op 24th"]
[Site "Harrogate"]
[Date "2020.01.19"]
[Round "4"]
[White "Szasz, Anna Katinka"]
[Black "Ross, Stuart"]
[Result "1/2-1/2"]
[WhiteElo "1763"]
[BlackElo "1643"]
[PlyCount "116"]
[EventDate "2020.01.17"]
[EventType "swiss"]
[EventRounds "5"]
[EventCountry "ENG"]
[SourceTitle "CBM 194 Extra"]
[Source "ChessBase"]
[SourceDate "2020.03.31"]
[SourceVersion "1"]
[SourceVersionDate "2020.03.31"]
[SourceQuality "1"]

1. e4 c5 2. Nf3 d6 3. d4 cxd4 4. Nxd4 Nf6 5. Nc3 a6 6. Be3 e5 7. Nb3 Be6 8. Qd2 Be7 9. Be2 0-0 10. 0-0 d5 11. exd5 Nxd5 12. Nxd5 Bxd5 13. Rfd1 Bc6 14. Qxd8 Rxd8 15. Na5 Nd7 16. Nxc6 bxc6 17. Rd3 e4 18. Rd4 Nf6 19. Rxd8+ Bxd8 20. Rd1 Be7 21. a3 a5 22. c3 Rb8 23. Rd2 Nd5 24. Bd4 Bg5 25. Rc2 e3 26. fxe3 Nxe3 27. Bxe3 Bxe3+ 28. Kf1 Rd8 29. Ke1 g6 30. b4 axb4 31. cxb4 Ra8 32. Rc3 Bd4 33. Rb3 Re8 34. Kd2 Rd8 35. Kc2 Kf8 36. Rd3 Ke7 37. Kb3 Bg1 38. Rxd8 Kxd8 39. h3 Kc7 40. a4 c5 41. b5 Kb6 42. g4 h6 43. Kc4 g5 44. Kd5 Bd4 45. Ke4 f6 46. Kf5 Bc3 47. Kg6 Ka5 48. Bd1 Kb6 49. Kxh6 Ka5 50. Kg6 Bd4 51. Kf5 Kb6 52. Ke6 Be5 53. Kd5 Bc3 54. Bc2 Bd4 55. Bb3 Bc3 56. Bc4 Ba5 57. Ke6 Bc3 58. Kd5 Ba5 1/2-1/2

[Event "Harrogate 4NCL op 24th"]
[Site "Harrogate"]
[Date "2020.01.18"]
[Round "2"]
[White "Szasz, Anna Katinka"]
[Black "Nicholson, Jim WR"]
[Result "0-1"]
[WhiteElo "1763"]
[BlackElo "1979"]
[PlyCount "85"]
[EventDate "2020.01.17"]
[EventType "swiss"]
[EventRounds "5"]
[EventCountry "ENG"]
[SourceTitle "CBM 194 Extra"]
[Source "ChessBase"]
[SourceDate "2020.03.31"]
[SourceVersion "1"]
[SourceVersionDate "2020.03.31"]
[SourceQuality "1"]

1. e4 c6 2. d4 d5 3. Nc3 dxe4 4. Nxe4 Bf5 5. Ng3 Bg6 6. h4 h6 7. Nf3 Nd7 8. Bd3 Bxd3 9. Qxd3 e6 10. Be3 Qa5+ 11. Bd2 Bb4 12. c3 Be7 13. Ne2 Ngf6 14. c4 Qc7 15. a3 Rd8 16. Qc2 c5 17. Rd1 a6 18. Bf4 Bd6 19. Bxd6 Qxd6 20. dxc5 Qxc5 21. b4 Qc7 22. c5 0-0 23. 0-0 Ne5 24. Nxe5 Qxe5 25. g3 Qe4 26. Qxe4 Nxe4 27. Kg2 g6 28. a4 a5 29. b5 Nxc5 30. Nc3 b6 31. f4 h5 32. Kf3 Kg7 33. Ke3 Rfe8 34. Rfe1 e5 35. Kf3 e4+ 36. Kg2 f5 37. Kf1 Kf7 38. Ke2 Nd3 39. Rf1 Rd6 40. Rd2 Rc8 41. Nd1 Rcd8 42. Ke3 Rc8 43. Nb2 0-1